Responses for Show #543 - Wednesday, January 7, 1987

Keith Bell game 4.

Contestants

[<< previous game]

Fran Oney, a retired chemist originally from Newark, New Jersey

Leigh Colitre, a volunteer worker from Los Angeles, California

Keith Bell, a personnel specialist from Alexandria, Virginia (whose 3-day cash winnings total $26,101)

[next game >>]

Jeopardy! Round responses

WORD ORIGINS
THE BIBLE
LEAVES
IRELAND
CLASSIC COUNTRY
GOATS
    $100 11
vamp

Leigh
    $100 1
the lions' den

Keith
    $100 14
3

Leigh
    $100 5
potatoes

Keith
    $100 26
the time

Keith
    $100 21
goatee

Fran
    $200 12
onion

Keith
    $200 2
the Nile

Keith
    $200 15
grape (vine)

Keith
    $200 6
Scotland

Keith
    $200 27
fully packed

Keith
    $200 22
Navy

Leigh
    $300 13
(Fran: What is mistress?)
(Leigh: What is landlord?)

husband

LeighFran
Triple Stumper
    $300 3
the fiery furnace

Keith
    $300 16
the Maple Leafs

Fran
    $300 7
8

Keith
    $300 28
the phone

Keith
    $300 23
Capricorn

Fran
    $400 17
(Keith: What is liquor?)

cider

KeithFran
    $400 4
Jonah

Leigh
    $400 19
dill (or bay)

Leigh
    $400 8
"Black & Tan"

Keith
    $400 29
(Keith: What are heartaches by the hundred?)

heartaches by the number

Keith
Triple Stumper
    $400 24
satyrs

Keith
    $500 18
(Keith: What is Florence?)

Lombardy

KeithFran
    $500 10
the devil (Satan)

Leigh
    $500 20
"The Autumn Leaves"

Keith
    $1,000 9
Common Market

Keith
    $500 30
walkin' the floor

Keith
    $500 25
(Alex: We've got a minute to go.)

The Sound of Music

Keith

Scores at the first commercial break (after clue 13):

Keith Leigh Fran
$2,800 $700 -$300

Scores at the end of the Jeopardy! Round:

Keith Leigh Fran
$4,200 $1,400 $1,300

Double Jeopardy! Round responses

DEMOCRATS
-----------------------------
(Alex: We have a category that is "missing". That's because it has to do with things, people or places that are no longer here; they are in fact, missing.)
HOLIDAYS
TV TRIVIA
U.S. STATES
FAMOUS NAPOLEONS
(Alex: Not just one.)
    $200 7
Andrew Johnson

Leigh
    $200 12
Amelia Earhart

Keith
    $200 14
Martin Luther King's birthday

Leigh
    $200 1
his wife

Leigh
    $200 2
Rhode Island

Keith
    $200 22
Professor Moriarty

Fran
    $400 8
holes (in the soles)

Keith
    $400 13
Henry Hudson

Fran
    $400 15
there will be six more weeks of winter

Keith
    $2,500 26
(Fran: What is Gunsmoke?)
[The end-of-round signal sounds.]

Captain Kangaroo ("Flowers On The Wall")

Fran
    $400 3
Alaska

Fran
    $600 9
Grover Cleveland

Keith
    $600 19
Nixon presidential tapes

Keith
    $600 16
1st of May (May Day)

Keith
    $600 25
Sha Na Na

Fran
    $600 4
Ohio (Columbus, Cleveland & Cincinnati)

Leigh
    $800 10
Jay (John D. the IV)

Keith
    $800 20
Martin Bormann

Leigh
    $800 17
(Keith: What is Christmas?)
(Fran: What is Thanksgiving?)

Halloween

KeithFran
Triple Stumper
    $800 24
(Leigh: What was Trajan?)

Tiberius

Leigh
Triple Stumper
    $800 5
Nebraska

Leigh
    $1,500 11
John Fitzgerald Kennedy

Keith
    $1000 21
(Alex: We've got a minute to go in the round.)

Virginia Dare

Leigh
    $1000 18
October 13th

Fran
    $1000 23
The Honeymooners

Triple Stumper
    $1000 6
Maryland

Leigh

Scores at the end of the Double Jeopardy! Round:

Keith Leigh Fran
$8,700 $5,400 $600

[wagering suggestions for these scores]

Final Jeopardy! Round responses

MOVIES
FranWhat is Ben Hur?
$599
LeighWho is Moses?
$5,400
KeithWhat is Ben Hur?
$2,250
Ben-Hur

Final scores:

Keith Leigh Fran
$10,950 $0 $1,199
4-day champion: $37,051 3rd place: Whirlpool microwave oven 2nd place: Panasonic VHS home video cassette recorder & Zenith color TV

Game dynamics:

Coryat scores:

Keith Leigh Fran
$7,700 $5,400 $3,100
26 R
(including 2 DDs),
4 W
14 R,
2 W
10 R,
3 W
(including 1 DD)

Combined Coryat: $16,200

[game clues] [game scores] [suggest correction]

Game tape date: 1986-10-08
The J! Archive is created by fans, for fans. Scraping, republication, monetization, and malicious use prohibited; this site may use cookies and collect identifying information. See terms. The Jeopardy! game show and all elements thereof, including but not limited to copyright and trademark thereto, are the property of Jeopardy Productions, Inc. and are protected under law. This website is not affiliated with, sponsored by, or operated by Jeopardy Productions, Inc. Join the discussion at JBoard.tv.